000 04634nam a2200433Ia 4500
001 dia_3404
003 CHAP
005 20230418124423.0
007 ta
008 220117s2012 -usdao f 001 0 spa d
010 _a176996
020 _a978-1-138-19963-7
040 _cCHAP
_amxchpua
050 1 0 _aTX601
_b.T44 2012
082 0 0 _a664.028
_bT44 2012
_220
245 _aThermal food processing :
_bnew technologies and quality issues /
_ceditor Da-Wen Sun
250 _a2a edición
264 _aBoca Raton, FL :
_bCRC Press,
_c2012
300 _axix, 666 páginas :
_bilustraciones, gráficas, diagramas, tablas, fotos
336 _2rdacontent
_atext
_btxt
337 _2rdamedia
_aunmediated
_bn
338 _2rdacarrier
_avolumen
_bnc
490 1 _aContemporary Food Engineering Series / edición Da-Wen Sun
504 _aIncluye bibliografías
520 _a "The challenge of maintaining both quality and safety in the thermal processing of foods results from the degradation of heat-sensitive quality attributes during processing. The editor of Thermal Food Processing: New Technologies and Quality Issues presents a comprehensive reference through authors that assist in meeting this challenge by explaining the latest developments and analyzing the latest trends in thermal food processing research and development. The book is divided into three parts for easy reference. Part I, Modeling of Thermal Food Processes, discusses the thermal physical properties of foods, recent developments in heat and mass transfer, innovative modeling techniques including artificial neural network modeling, and computational fuel dynamics. Part II, Quality and Safety of Thermally Processed Food, provides the latest research and development information used to maintain high quality and safety standards for certain types of food products including thermally processed meat, poultry, fishery products, dairy products, canned foods, and vegetables. Part III, Innovations in Thermal Food Processes, details existing, alternative thermal processing technologies, outlining their potential, future application in the food industry. These innovations include the ohmic heating technique, radio frequency energies, infrared rays, the combination of pressure and pH with thermal processing, and time-temperature integrators used in evaluating and controlling thermal processes"
520 _a "Preface Thermal processing is one of the most important processes in the food industry. The concept of thermal processing is based on heating foods for a certain length of time at a certain temperature. The challenge of developing advanced thermal processing for the food industry is continuing in line with the demand for enhanced food safety and quality as associated with thermal processing is always some undesirable degradation of heat-sensitive quality attributes. The first edition of this book was published in 2006, with the aim of providing a comprehensive review of the latest developments in thermal food processing technologies, of stressing topics vital to the food industry today, of pinpointing the trends in future research and development, and of assembling essential, authoritative, and complete references and data that can be used by the researcher in the university and research institution or can serve as a valuable reference source for undergraduate and postgraduate studies. This will continue to be the purpose of this second edition. In the second edition, besides updating or rewriting individual chapters with the latest developments in each topic area, five new chapters have been added in order to enhance the contents of the book. In Part I, two new chapters, Thermal Effects in Food Microbiology and Modeling Thermal Microbial Inactivation Kinetics, have been added to provide fundamental knowledge of the related food safety issues raised in subsequent chapters. In Part II, a new chapter, Thermal Processing of Fruits and Fruit Juices, has been added to provide a complete coverage of thermally processed food products"
650 1 3 _aAlmacenamiento de alimentos
_9148411
650 1 3 _aPreservación de alimentos
_9144378
650 1 3 _aCalidad de procesamiento de los alimentos
_9153417
650 1 3 _aFood preservation
_9147769
650 1 3 _aFood storage
_9148413
650 1 3 _aFood processing quality
_9153419
700 1 _aSun, Da-Wen
_9159894
_eeditor
830 _aContemporary Food Engineering Series / edición Da-Wen Sun (CRC)
_9159943
901 _a664.028 T44 2012
902 _aM
905 _a5232272012 -usaimn8222223322eng16
942 _cLIBRO
_2ddc
999 _c176996
_d176996